| 000 | 00906nam a2200241 a 4500 | ||
|---|---|---|---|
| 001 | 56907 | ||
| 003 | BD-RjUL | ||
| 005 | 20211209080440.0 | ||
| 008 | 161204s1978 bg ||||| |||| 00| 0 ben d | ||
| 020 | _c: TK 10.00 | ||
| 035 | _a(BD-RjUL) 57031 | ||
| 040 |
_aBD-RjUL _bben _cBD-RjUL |
||
| 041 | _aben | ||
| 082 |
_223 _a110 _bWAS 1978 |
||
| 100 |
_aওয়ালী, এস. এম. মাহতাব উদ্দীন _9148553 |
||
| 245 | 1 | 0 |
_aশূন্য শক্তি শব্দ সৃষ্টি মানব কৃষ্টি / _cএস. এম. মাহতাব উদ্দীন ওয়ালী |
| 250 | _a১ম সং . | ||
| 260 |
_aঢাকা : _bমাহতাব আলী, _c১৯৭৮ |
||
| 300 |
_a১৫৫ পৃ. ; _c২৩ সেমি. |
||
| 650 |
_aঅধিবিদ্যা _9120434 |
||
| 650 |
_aMetaphysics _9120435 |
||
| 942 |
_2ddc _cBK |
||
| 999 |
_c56907 _d56907 |
||